[Event "Florianopolis op 11th"]
[Site "Florianopolis"]
[Date "2025.01.22"]
[Round "6"]
[White "Andersson, Cristian De Oliveir"]
[Black "Clemes, Gustavo"]
[Result "1-0"]
[WhiteElo "1675"]
[BlackElo "1800"]
[PlyCount "109"]
[EventDate "2025.01.18"]
[EventType "swiss"]
[EventRounds "10"]
[EventCountry "BRA"]
[SourceTitle "CB05_2025"]
[SourceDate "2025.01.29"]
[SourceVersion "1"]
[SourceVersionDate "2025.01.29"]
[SourceQuality "1"]

1. c4 e5 2. Nc3 Bb4 3. g3 Bxc3 4. bxc3 Nf6 5. Bg2 d6 6. Nf3 e4 7. Ng5 Bf5 8. d3 Qe7 9. 0-0 h6 10. Nh3 g5 11. dxe4 Nxe4 12. f3 Nf6 13. e4 Be6 14. Ba3 Nbd7 15. Re1 c5 16. Nf2 0-0-0 17. Nd3 Bxc4 18. Nb2 Ba6 19. Bf1 Bxf1 20. Kxf1 b6 21. Qe2 Kb7 22. Nc4 Ne5 23. Ne3 Qe6 24. c4 h5 25. Nd5 Qh3+ 26. Kg1 Nxd5 27. cxd5 h4 28. Qg2 hxg3 29. hxg3 Rh7 30. Bb2 Rdh8 31. Bxe5 Qh2+ 32. Qxh2 Rxh2 33. Bxh8 Rxh8 34. Kg2 b5 35. Rh1 Rc8 36. Rh7 Rc7 37. Kf2 Kb6 38. Ke3 c4 39. Kd4 c3 40. Rh6 Rc4+ 41. Kd3 Kc5 42. Rc1 b4 43. Rh7 Rd4+ 44. Kc2 Rd2+ 45. Kb1 Kc4 46. Rxf7 Kd3 47. Rh7 a5 48. Rhh1 c2+ 49. Kb2 a4 50. Rhe1 a3+ 51. Kb3 Kd4 52. Rxc2 Rd3+ 53. Kxb4 Ke5 54. Rc3 Rd4+ 55. Kxa3 1-0

[Event "Florianopolis op 11th"]
[Site "Florianopolis"]
[Date "2025.01.20"]
[Round "3"]
[White "Clemes, Gustavo"]
[Black "De Andrade, Arthur Batuli"]
[Result "0-1"]
[WhiteElo "1800"]
[BlackElo "1607"]
[PlyCount "64"]
[EventDate "2025.01.18"]
[EventType "swiss"]
[EventRounds "10"]
[EventCountry "BRA"]
[SourceTitle "CB05_2025"]
[SourceDate "2025.01.29"]
[SourceVersion "1"]
[SourceVersionDate "2025.01.29"]
[SourceQuality "1"]

1. e4 e5 2. Nf3 Nc6 3. Bc4 Bc5 4. d3 d6 5. Nc3 Nf6 6. Na4 Bb6 7. a3 h6 8. h3 0-0 9. 0-0 Qe7 10. c3 Be6 11. Bxe6 Qxe6 12. Re1 Qd7 13. b4 Rfe8 14. Nxb6 axb6 15. Bb2 Ne7 16. d4 Ng6 17. dxe5 Nxe5 18. Nxe5 Rxe5 19. Qc2 Rae8 20. f3 Rg5 21. c4 Qxh3 22. Qd2 Qe6 23. Qc2 Rg6 24. Kf2 Nd7 25. a4 Ne5 26. Rac1 Qf6 27. Qc3 Nd3+ 28. Qxd3 Qxb2+ 29. Qc2 Qxb4 30. Rb1 Qc5+ 31. Kf1 Qh5 32. Rb5 Qh1+ 0-1

[Event "Florianopolis op 11th"]
[Site "Florianopolis"]
[Date "2025.01.20"]
[Round "4"]
[White "De Oliveira, Rosa Emilia Trizott"]
[Black "Clemes, Gustavo"]
[Result "0-1"]
[WhiteElo "1669"]
[BlackElo "1800"]
[PlyCount "87"]
[EventDate "2025.01.18"]
[EventType "swiss"]
[EventRounds "10"]
[EventCountry "BRA"]
[SourceTitle "CB05_2025"]
[SourceDate "2025.01.29"]
[SourceVersion "1"]
[SourceVersionDate "2025.01.29"]
[SourceQuality "1"]

1. d4 d5 2. Bf4 Nf6 3. Nc3 e6 4. Nb5 Bb4+ 5. c3 Ba5 6. e3 Bd7 7. Qa4 Bb6 8. Nf3 a6 9. Ne5 Nc6 10. Be2 axb5 11. Qc2 Nxe5 12. dxe5 Ne4 13. h4 h6 14. h5 Qe7 15. g4 Bc6 16. f3 Nc5 17. g5 hxg5 18. Bg3 Nd7 19. f4 Bxe3 20. Rf1 Bxf4 21. Bxf4 gxf4 22. Rxf4 Nxe5 23. 0-0-0 Rxa2 24. Qb1 Ra6 25. Rg1 f6 26. h6 Rxh6 27. Bd1 Ra1 28. Qxa1 Nd3+ 29. Kd2 Nxf4 30. Qa8+ Qd8 31. Qa3 Qd6 32. Qb3 Ng6 33. Bc2 Qh2+ 34. Kc1 Qxg1+ 35. Bd1 Rh1 36. Kb1 Qxd1+ 37. Qxd1 Rxd1+ 38. Ka2 f5 39. Kb3 f4 40. Kc2 Re1 41. Kd2 Re5 42. Kd3 f3 43. Kd4 f2 44. Kc5 0-1